| 000 | 00528nam a2200169Ia 4500 | ||
|---|---|---|---|
| 008 | 180921t2015 xxu||||| |||| 00| 0 sin d | ||
| 041 | _asin | ||
| 080 |
_aX92 _bTHR |
||
| 100 | _aThrimavithana,Chandana Prabhath | ||
| 245 | _aසිංහලයේ මහා රජවරු සහ දසමහා යෝධයෝ | ||
| 246 | _aSinhalaye Maha Rajawaru Saha Dasa Maha Yodayo | ||
| 260 |
_bKinkini Criation _aPannipitiya _c2015 |
||
| 300 | _b216p, 22cm | ||
| 942 | _cBK | ||
| 999 |
_c5722 _d5722 |
||
| 003 | LK-CoDNM | ||
| 040 |
_aLK-CoDNM _dLK-CoDNM _eLK-CoDNM |
||